Дело об образовании в память 300-летия царствования дома Романовых капитала для выдачи пособий беднейшим ученикам начальных учил...

Доступно только в Электронных читальных залах Найти на картеНа карте
RUSMARC
00003744nmc2a22002413x 450
0013ebc01fb-420c-4970-85b2-390975262b11
00520201015230212.0
100##$a20200319l19131913k l0rusy0189 ca
1010#$arus
102##$aRU
105##$ay###
1222#$ad
2001#$aДело об образовании в память 300-летия царствования дома Романовых капитала для выдачи пособий беднейшим ученикам начальных училищ Дирекции
$j22 января - 21 марта 1913 г.
215##$a6 л.
$d36,5х26 см
251##$cДело
300##$aДело
371##$aДокумент не является опубликованным и широко распространяемым
461#0$1001a74412a3-3cc5-4d21-8f0a-dfe2fbd9e72d
$12001
$aДепартамент народного просвещения Министерства народного просвещения (1803-1917)
$1251
$cФонд
$1852
$j733
462#0$1001517877e8-43f4-46e7-ad4b-d876aad86188
$12001
$aДела разряда учительских институтов, семинарий и низших учебных заведений
$1251
$cОпись
$1852
$j178
801#0$aRU
$bРГИА
$c20200319
$gRCR
801#1$aRU
$bГлавНИВЦ
$c20200319
$2rusmarc
801#2$aRU
$bПБ им. Б.Н. Ельцина
$c20201015
$gRCR
$2rusmarc
850##$aРГИА
852##$aРГИА
$eФедеральное казенное учреждение "Российский государственный исторический архив" (РГИА)
$j188
937##$hРГИА
$d12339755
$aASBIBLIO_SCAN
035##$aRusGRCC00002923
856##$uhttp://readingroom.main.prlib.ru/item.aspx?id_node=n148730295&mode=full
Формат отображения